An introduction to stochastic modeling / (Record no. 7372)
[ view plain ]
| 000 -LEADER | |
|---|---|
| fixed length control field | 01168nam a22002057a 4500 |
| 005 - DATE AND TIME OF LATEST TRANSACTION | |
| control field | 20210414114658.0 |
| 008 - FIXED-LENGTH DATA ELEMENTS--GENERAL INFORMATION | |
| fixed length control field | 111219t xxu||||| |||| 00| 0 eng d |
| 020 ## - INTERNATIONAL STANDARD BOOK NUMBER | |
| International Standard Book Number | 978023814166 |
| 050 ## - LIBRARY OF CONGRESS CALL NUMBER | |
| Classification number | QA274.2.P65 |
| 100 ## - MAIN ENTRY--PERSONAL NAME | |
| Personal name | Pinsky, Mark A. |
| 245 ## - TITLE STATEMENT | |
| Title | An introduction to stochastic modeling / |
| Statement of responsibility, etc. | Mark A. Pinsky, Samuel Karlin |
| 250 ## - EDITION STATEMENT | |
| Edition statement | 4th ed. |
| 260 ## - PUBLICATION, DISTRIBUTION, ETC. | |
| Place of publication, distribution, etc. | London: |
| Name of publisher, distributor, etc. | Elsevier, |
| Date of publication, distribution, etc. | 2011. |
| 300 ## - PHYSICAL DESCRIPTION | |
| Extent | x, 563 p.: |
| Other physical details | ill. |
| 500 ## - GENERAL NOTE | |
| General note | Includes index. |
| 505 ## - FORMATTED CONTENTS NOTE | |
| Formatted contents note | Contents: Introduction -- Conditional Probability and Conditional Expectation -- Markov Chains: Introduction -- The Long Run Behavior of Markov Chains -- Poisson Processes -- Continuous Time Markov Chains -- Renewal Phenomena -- Brownian Motion and Related Processes -- Queuing Systems -- Random Evolutions -- Characteristic Functions and Their Applications |
| 520 ## - SUMMARY, ETC. | |
| Summary, etc. | Introduces students to the standard concepts and methods of stochastic modeling, to illustrate the diversity of applications of stochastic processes in the applied sciences, and to provide exercises in the application of simple stochastic analysis to realistic problems. |
| 700 ## - ADDED ENTRY--PERSONAL NAME | |
| Personal name | Karlin, Samuel |
| 942 ## - ADDED ENTRY ELEMENTS (KOHA) | |
| Source of classification or shelving scheme | Library of Congress Classification |
| Koha item type | Books |
| Withdrawn status | Lost status | Source of classification or shelving scheme | Damaged status | Not for loan | Home library | Current library | Shelving location | Date acquired | Source of acquisition | Full call number | Barcode | Date last seen | Price effective from | Koha item type |
|---|---|---|---|---|---|---|---|---|---|---|---|---|---|---|
| Library of Congress Classification | WISCONSIN INTERNATIONAL UNIVERSITY COLLEGE, GHANA KUMASI LIBRARY | WISCONSIN INTERNATIONAL UNIVERSITY COLLEGE, GHANA KUMASI LIBRARY | General Stacks | 20/11/2019 | STM | QA274.2.P65(4e) | K/2631/2631/19 | 18/06/2020 | 18/06/2020 | Books |
